00331nam a2200133Ia 4500008004100000100003700041245004100078250001200119260002200131300000800153650001400161942000700175999001500182190216s9999||||xx |||||||||||||| ||und|| aAlak Ghosh And Sujit Kumar Ghosh 0aPlanning Techniques And Indian Plans a1st Ed. bWheeler Pubc1983 a174 aEconomics cBK c9621d9621